LEADER 01370nam a2200313 a 4500 001 000000125744 003 CaOOAMICUS 005 20110617123911.0 008 110617s2011 it u000 u ita r 020 $a978-88-399-0453-9 040 $aPUL$bita 041 1 $aita$hfre 100 1 $aCapelle-Dumont, Philippe,$d1954-$0(OLS)http://pul/name/65089 240 10$aPhilosophie et théologie dans la pensée de Martin Heidegger.$lItaliano.$0(OLS)http://pul/title/158672 245 10$aFilosofia e teologia nel pensiero di Martin Heidegger /$cPhilippe Capelle-Dumont. 260 $aBrescia :$bQueriniana,$c©2011. 300 $a245 p. ;$c23 cm 490 1 $aBiblioteca di teologia contemporanea ;$v153 504 $aBibliografia p. [219]-240. 600 14$aHeidegger, Martin,$d1889-1976$xFilosofia.$0(OLS)http://pul/subject/22528 830 0$aBiblioteca di teologia contemporanea ;$v153.$0(OLS)http://pul/title/7472 850 $aPUL 852 $aPUL$W1$xSL Religione 3$y85$m200 BTC 1.153$j144852$qDDC 21$B143860$CPULBib$Z2$F143860 $H117532 $82 941 1 $a9 983 0$aBTC. 996 $6020$a978-88-399-0453-9$9(OLS)http://pul/number/147517 996 $6245$aFilosofia e teologia nel pensiero di Martin Heidegger$9(OLS)http://pul/title/158673 996 $6260$aBrescia :$bQueriniana$9(OLS)http://pul/publisher/47906 LEADER 01254nam a2200301 a 4500 001 000000147729 003 CaOOAMICUS 005 20151127092927.0 008 151127s1945 it u000 u ita r 032 $aLibriCat 040 $aPUL$bita 100 1 $aDessauer, Friedrich.$0(OLS)http://pul/name/32848 245 10$aFilosofia della tecnica / $cFederico Dessauer ; traduzione [dal tedesco] di Mario Bendiscioli ; prefazione dell'ing. Arturo Danusso. 250 $a2. ed. 260 $aBrescia :$bMorcelliana,$c1945. 300 $a173 p. ;$c20 cm. 490 1 $aProblemi e Opinioni 650 4$aFilosofia e scienza.$0(OLS)http://pul/subject/7564 700 1 $aBendiscioli, Mario,$d1903-1998.$0(OLS)http://pul/name/4245 700 1 $aDanusso, Arturo.$0(OLS)http://pul/name/58880 830 0$aProblemi e Opinioni.$0(OLS)http://pul/title/35206 850 $aPUL 852 $aPUL$W1$xDP1 Fondo Bordoni$y120$m2 B 18$j23669$bRistampa$qFondi$B171530$CPULBib$Z2$F171530 $HBor49 $81 941 1 $a1 961 $aNota ms. di possesso: Marcello Bordoni 996 $6245$aFilosofia della tecnica / $9(OLS)http://pul/title/186417 996 $6260$aBrescia :$bMorcelliana$9(OLS)http://pul/publisher/47854